Miasta w Polsce według obrazu satelitarnego - Statystyki

Ogólne statystyki
  • Ten quiz został rozwiązany 322 razy
  • Średni wynik to 9 z 12
Statystyki odpowiedzi
Obrazkowy Odpowiedź % Poprawnych
Gdańsk
95%
Gdynia
87%
Warszawa
87%
Szczecin
77%
Wrocław
75%
Kraków
74%
Poznań
73%
Bydgoszcz
72%
Łódź
69%
Katowice
63%
Lublin
58%
Białystok
52%
Nie znaleziono quizów pasujących do podanych kryteriów
Rozkład punktacji
Procent ludzi z każdym wynikiem
Percentyl według liczby udzielonych odpowiedzi
Twoja historia wyników
Nie rozwiązałeś tego quizu